Informe del Rector : 1986-1989/
Shranjeno v:
| Korporativna značnica: | |
|---|---|
| Format: | Knjiga |
| Jezik: | Spanish |
| Teme: | |
| Oznake: |
Označite
Brez oznak, prvi označite!
|
MARC
| LEADER | 00000nam a22000007a 4500 | ||
|---|---|---|---|
| 003 | cru CIDCACS/IIS | ||
| 005 | 20200702120614.0 | ||
| 008 | 200702s1989 cr |||p|r||||||0| ||spa|d | ||
| 999 | |c 43228 |d 43228 | ||
| 040 | |c cru CIDCACS/IIS | ||
| 110 | 1 | |9 840 |a Universidad Nacional de Costa Rica | |
| 245 | 1 | |a Informe del Rector : |b 1986-1989/ |c Universidad Nacional de Costa Rica | |
| 650 | 0 | |9 1830 |a INSTITUCIONES DE ENSEÑANZA SUPERIOR | |
| 650 | 0 | |9 371 |a RELACIONES EXTERIORES | |
| 650 | 0 | |9 2803 |a RELACIONES ESCUELA COMUNIDAD | |
| 650 | 0 | |9 1223 |a ADMINISTRACION UNIVERSITARIA | |
| 650 | 0 | |9 6521 |a INFORMES DE ACTIVIDADES | |
| 650 | 0 | |9 4306 |a ENSEÑANZA | |
| 650 | 0 | |9 569 |a BECAS | |
| 650 | 0 | |9 2279 |a SERVICIOS DE EXTENSIÓN | |
| 650 | 0 | |9 1753 |a COOPERACION TECNICA | |
| 650 | 0 | |9 7511 |a INVESTIGADORES | |
| 651 | 0 | |9 32 |a COSTA RICA | |
| 942 | |2 ddc |c PP | ||
| 773 | 0 | |0 43227 |9 4698 |a Universidad Nacional de Costa Rica |d Heredia: Universidad Nacional de Costa Rica |o MFN: 0866 |t Informe del Rector / | |
